|
|
|
|
| LEADER |
00000nas a2200000 a 4500 |
| 001 |
ssj0012777 |
| 003 |
WaSeSS |
| 005 |
20200512172242.0 |
| 006 |
m d |
| 007 |
cr n |
| 008 |
020529c19989999enkqx pss 0 0eng c |
| 010 |
|
|
|a 2007233548
|
| 022 |
|
|
|a 1473-0790
|l 1368-5538
|y 1368-5538
|
| 035 |
|
|
|a (WaSeSS)ssj0012777
|
| 040 |
|
|
|a F#A
|b eng
|c F#A
|d OCLCQ
|d CUS
|d OCLCQ
|d VAM
|d GUA
|d FQM
|d OCLCQ
|d OCLCO
|d OCLCQ
|d OCLCF
|d OCLCO
|d OCLCQ
|d OCLCO
|d OCLCQ
|d WT2
|d OCLCQ
|d OCLCO
|d WYU
|d OCLCO
|d OCLCA
|d VT2
|d U3W
|d OCLCO
|d OCLCA
|d OCLCQ
|d WaSeSS
|
| 042 |
|
|
|a pcc
|
| 050 |
1 |
4 |
|a QP86
|
| 060 |
|
4 |
|a INTERNET
|
| 082 |
0 |
4 |
|a 618.97
|
| 130 |
0 |
|
|a Aging male (Online)
|
| 245 |
1 |
4 |
|a The aging male
|h [electronic resource].
|
| 260 |
|
|
|a [New York] :
|b [Parthenon Pub.]
|
| 310 |
|
|
|a Four issues a year
|
| 362 |
1 |
|
|a Print began with v. 1, no. 1 (Jan. 1998).
|
| 500 |
|
|
|a Published: [London] : Informa Healthcare, <2007->
|
| 506 |
|
|
|a License restrictions may limit access.
|
| 515 |
|
|
|a Some issues combined.
|
| 538 |
|
|
|a Mode of access: World Wide Web.
|
| 550 |
|
|
|a The official journal of the International Society for the Study of the Aging Male.
|
| 588 |
0 |
|
|a Vol. 3, issue 3 (2000); title from contents screen (Informaworld, viewed May 4, 2007).
|
| 588 |
1 |
|
|a Vol. 10, issue 1 (2007), viewed May 4, 2007.
|
| 650 |
|
0 |
|a Aging
|v Periodicals.
|
| 650 |
|
0 |
|a Men
|v Periodicals.
|
| 650 |
|
0 |
|a Gerontology
|v Periodicals.
|
| 650 |
|
0 |
|a Men
|x Health and hygiene
|v Periodicals.
|
| 650 |
|
2 |
|a Aging.
|
| 650 |
|
2 |
|a Geriatric
|
| 650 |
|
2 |
|a Men.
|
| 650 |
|
2 |
|a Aged.
|
| 650 |
|
2 |
|a Aged, 80 and over.
|
| 650 |
|
7 |
|a Aging.
|2 fast
|0 (OCoLC)fst00800293
|
| 650 |
|
7 |
|a Gerontology.
|2 fast
|0 (OCoLC)fst00942204
|
| 650 |
|
7 |
|a Men.
|2 fast
|0 (OCoLC)fst01015978
|
| 650 |
|
7 |
|a Men
|x Health and hygiene.
|2 fast
|0 (OCoLC)fst01016002
|
| 655 |
|
0 |
|a Electronic journals.
|
| 710 |
2 |
|
|a International Society for the Study of the Aging Male.
|
| 776 |
0 |
8 |
|i Print version:
|t Aging male
|x 1368-5538
|w (DLC)sn 98039317
|w (OCoLC)39459796
|
| 856 |
4 |
0 |
|z Full text available from Research Library: 03/01/2003 to 12/31/2007
|u https://search.proquest.com/publication/44479
|